000 00569nam a22002057a 4500
003 OSt
005 20140310183001.0
008 130209t xxu||||| |||| 00| 0 eng d
020 _a9710864750
050 _aHD 62.7
_b.C35 2004
100 _aCamposano, Jorge A.
245 _aEntrepreneurship for small business /
_cJorge A. Camposano.
260 _aMandaluyong City :
_bNational Book Store,
_c2004.
300 _a470 p. :
_c22 cm.
521 _aBSBA
650 _aEntrepreneurship
_xGreat Britain.
942 _2lcc
_cBK
_kLOC
999 _c18123
_d18123